000 00475nam a2200181Ia 4500
001 19956
005 20260306172730.0
008 260306t2008||||xx |||||||||||||| ||spa||
041 _aESP
082 _a341.8
_bC64
100 _aBoza Dibos, Beatriz
_eAUT
245 0 _aCompendio de jurisprudencia:
_bética y responsabilidad profesional del Abogado
260 _c2008
300 _a178 páginas :
_c20 cm.
650 _aGEN
654 _aCDE
942 _cLIB
_dJUS
_fJUS
_2ddc
_n
999 _c19956
_d19956